Socializaçao e relaçoes racias: um estudo de familia negra em campinas /

Guardado en:
Autor Principal: Barbosa, Irene M. F.
Formato: Libro
Publicado: Sao Paulo : Fflch-usp, 1983
Series:Antropologia, 5
Materias:
Etiquetas: Agregar Etiqueta
Sin Etiquetas, Sea el primero en etiquetar este registro!
LEADER 00542nam a22001695a 4500
001 EHU.bham001053
003 AR-BHAM
005 20070312165555.0
008 130507s1983##################000#0#####d
082 3 0 |a 301.15 
100 1 |a Barbosa, Irene M. F. 
245 1 0 |a Socializaçao e relaçoes racias: um estudo de familia negra em campinas /  |c Irene M. F. Barbosa. 
260 |a Sao Paulo :  |b Fflch-usp,  |c 1983 
300 |a 172 p. 
490 0 |a Antropologia, 5 
653 |a Psicologia social 
859 |a AR-BHAM  |b BIB. HUMANIDADES - General  |h 301.15  |i B234  |p 62.84  |t Ej.1